<?xml version="1.0" encoding="UTF-8"?>
<record
    xmlns:xsi="http://www.w3.org/2001/XMLSchema-instance"
    xsi:schemaLocation="http://www.loc.gov/MARC21/slim http://www.loc.gov/standards/marcxml/schema/MARC21slim.xsd"
    xmlns="http://www.loc.gov/MARC21/slim">

  <leader>00607nam a2200217Ia 4500</leader>
  <controlfield tag="003">OSt</controlfield>
  <controlfield tag="005">20250529160350.0</controlfield>
  <controlfield tag="008">008  250505s9999    xx            000 0 eng d</controlfield>
  <datafield tag="020" ind1=" " ind2=" ">
    <subfield code="a">9788119129171</subfield>
  </datafield>
  <datafield tag="040" ind1=" " ind2=" ">
    <subfield code="a">ILCL</subfield>
    <subfield code="b">eng</subfield>
    <subfield code="c">ILCL</subfield>
  </datafield>
  <datafield tag="041" ind1=" " ind2=" ">
    <subfield code="a">eng</subfield>
    <subfield code="2">eng</subfield>
  </datafield>
  <datafield tag="082" ind1=" " ind2=" ">
    <subfield code="q">ILCL</subfield>
  </datafield>
  <datafield tag="084" ind1=" " ind2=" ">
    <subfield code="a">Zz7  R4</subfield>
  </datafield>
  <datafield tag="100" ind1=" " ind2=" ">
    <subfield code="a">Gutteridge. H C</subfield>
  </datafield>
  <datafield tag="245" ind1=" " ind2="0">
    <subfield code="a">Comparative Law: An introduction to the comparative method of legal study &amp; research</subfield>
  </datafield>
  <datafield tag="260" ind1=" " ind2=" ">
    <subfield code="a">Delhi</subfield>
    <subfield code="b">Law and Justice Publishing Company</subfield>
    <subfield code="c">2024</subfield>
  </datafield>
  <datafield tag="300" ind1=" " ind2=" ">
    <subfield code="a">xvi,208p.</subfield>
  </datafield>
  <datafield tag="365" ind1=" " ind2=" ">
    <subfield code="a">INR</subfield>
  </datafield>
  <datafield tag="942" ind1=" " ind2=" ">
    <subfield code="c">TB</subfield>
    <subfield code="2">Colon Classification</subfield>
    <subfield code="n">0</subfield>
  </datafield>
  <datafield tag="999" ind1=" " ind2=" ">
    <subfield code="c">1311881</subfield>
    <subfield code="d">1311881</subfield>
  </datafield>
  <datafield tag="952" ind1=" " ind2=" ">
    <subfield code="0">0</subfield>
    <subfield code="1">0</subfield>
    <subfield code="4">0</subfield>
    <subfield code="7">0</subfield>
    <subfield code="a">ILCL</subfield>
    <subfield code="b">ILCL</subfield>
    <subfield code="d">0007-03-24</subfield>
    <subfield code="e">Apple Books</subfield>
    <subfield code="g">425.00</subfield>
    <subfield code="i">003 dt. 03-07-2024</subfield>
    <subfield code="l">0</subfield>
    <subfield code="o">Zz7  R4</subfield>
    <subfield code="p">IL1863041</subfield>
    <subfield code="r">2025-05-06 17:27:55</subfield>
    <subfield code="w">2025-05-06</subfield>
    <subfield code="y">TB</subfield>
  </datafield>
  <datafield tag="952" ind1=" " ind2=" ">
    <subfield code="0">0</subfield>
    <subfield code="1">0</subfield>
    <subfield code="4">0</subfield>
    <subfield code="7">0</subfield>
    <subfield code="a">ILCL</subfield>
    <subfield code="b">ILCL</subfield>
    <subfield code="d">0007-03-24</subfield>
    <subfield code="e">Apple Books</subfield>
    <subfield code="g">425.00</subfield>
    <subfield code="i">003 dt. 03-07-2024</subfield>
    <subfield code="l">0</subfield>
    <subfield code="o">Zz7  R4</subfield>
    <subfield code="p">IL1863042</subfield>
    <subfield code="r">2025-05-06 17:27:55</subfield>
    <subfield code="w">2025-05-06</subfield>
    <subfield code="y">TB</subfield>
  </datafield>
  <datafield tag="952" ind1=" " ind2=" ">
    <subfield code="0">0</subfield>
    <subfield code="1">0</subfield>
    <subfield code="4">0</subfield>
    <subfield code="7">0</subfield>
    <subfield code="a">ILCL</subfield>
    <subfield code="b">ILCL</subfield>
    <subfield code="d">0000-00-00</subfield>
    <subfield code="e">Singhal Publications</subfield>
    <subfield code="g">425.00</subfield>
    <subfield code="i">2526 dt. 26-06-2024</subfield>
    <subfield code="l">2</subfield>
    <subfield code="o">Zz7  R4</subfield>
    <subfield code="p">IL1863402</subfield>
    <subfield code="r">2026-04-28 15:19:37</subfield>
    <subfield code="s">2026-04-20</subfield>
    <subfield code="w">2025-05-06</subfield>
    <subfield code="y">TB</subfield>
  </datafield>
</record>
